000 00896nmm a2200277 a 4500
001 ocm0001349792
003 TR-IsHL
005 20201028161411.0
008 161016s2014 tu tur
007 cr cn
020 _a9786051314495
035 _a1349792
_b(N$T)
050 0 4 _aPZ90.A83
_bD8
090 0 4 _aPZ90.A83
_bD8
100 1 _aAsal, Yusuf
245 1 0 _aDünyayı ters döndürecek formül
_h[electronic resource] /
_cYusuf Asal ; resimleyen Murat Bingöl
260 _aİstanbul :
_bNesil Çocuk Yayınları,
_c2014
300 _a153 p.
650 4 _aDil ve Edebiyat
650 4 _aLanguage and Literature
650 0 _aÇocuk hikayeleri, Türk
650 0 _aChildren story, Turkish
650 7 _aJUVENILE FICTION / General
_2bisacsh
700 1 _aBingöl, Murat
856 4 0 _uhttp://search.ebscohost.com/login.aspx?direct=true&scope=site&db=e011xww&AN=1349792
999 _c14097
_d14097